书目信息 |
| 题名: |
室内空间设计
|
|
| 作者: | 李朝阳 编著 | |
| 分册: | ||
| 出版信息: | 北京 中国建筑工业出版社 1999.06 |
|
| 页数: | 121页 | |
| 开本: | 16开 | |
| 丛书名: | ||
| 单 册: | ||
| 中图分类: | ||
| 科图分类: | ||
| 主题词: | 建筑设计 | |
| 电子资源: | ||
| ISBN: | 7-112-03662-3 | |
| 000 | 00567nam0 2200205 45 | |
| 001 | 9910131016 | |
| 005 | 20001227164636.0 | |
| 010 | @a7-112-03662-3@d29.00元 | |
| 100 | @a19991013d1999 km y0chiy0120 ea | |
| 101 | @achi | |
| 105 | @a z 000yy | |
| 200 | 1 | @a室内空间设计@AShi Nei Kong Jian She Ji@f李朝阳编著@FLi Chao Yang Bian Zhu |
| 210 | @a北京@c中国建筑工业出版社@d1999.06 | |
| 215 | @a121页@d16开 | |
| 606 | 0 | @a建筑设计 |
| 690 | @v3 | |
| 690 | @aTU238@v3 | |
| 701 | @a李朝阳@4编著 | |
| 801 | @aCN@bPFTUser@c19991013 | |
| 905 | @dTU238@eL909@b316752-761@f10 | |
| 室内空间设计/李朝阳编著.-北京:中国建筑工业出版社,1999.06 |
| 121页;16开 |
| ISBN 7-112-03662-3:29.00元 |
| ● |
| 相关链接 |
|
|
|
正题名:室内空间设计
索取号:TU238/L909
 
预约/预借
| 序号 | 登录号 | 条形码 | 馆藏地/架位号 | 状态 | 备注 |
| 1 | 316752 | 203167526 | 建筑库101/101建筑库 49排5列4层/ [索取号:TU238/L909] | 在馆 | |
| 2 | 316753 | 203167535 | 自科二线404/404自科库 19排5列6层/ [索取号:TU238/L909] | 在馆 | |
| 3 | 316754 | 203167544 | 自科二线404/404自科库 25排3列2层/ [索取号:TU238/L909] | 在馆 | |
| 4 | 316755 | 203167553 | 自科二线404/404自科库 19排5列6层/ [索取号:TU238/L909] | 在馆 | |
| 5 | 316756 | 203167562 | 自科二线404/404自科库 19排5列6层/ [索取号:TU238/L909] | 在馆 | |
| 6 | 316757 | 203167571 | 建筑库101/101建筑库 49排5列4层/ [索取号:TU238/L909] | 在馆 | |
| 7 | 316758 | 203167580 | 建筑库101/101建筑库 49排5列4层/ [索取号:TU238/L909] | 在馆 | |
| 8 | 316759 | 203167599 | 建筑库101/101建筑库 49排5列4层/ [索取号:TU238/L909] | 在馆 | |
| 9 | 316760 | 203167606 | 自科二线404/404自科库 7排3列4层/ [索取号:TU238/L909] | 在馆 | |
| 10 | 316761 | 203167615 | 自科二线404/404自科库 6排6列2层/ [索取号:TU238/L909] | 在馆 |